=LDR 00000nam 2200000 4500 =001 INLIS000000000012696 =005 20130612104206 =008 ***********************************Ind** =035 ##$$0010-061300000012696 =041 ##$$a Ind =082 ##$$a 613.95 =090 ##$$a 613.95, Siy e =100 ##$$a Siyaranammal, Julius R =245 ##$$a Etika hak asasi, dan perubahan aids, Julius R. Siyaranammal =260 ##$$a 1997 $b Jakarta =300 ##$$a xxiii, 288 hlm., 22 cm =650 ##$$a Hak asasi =850 ##$$a NBPNMAT